| 000 | 006170000a22001810004500 | ||
|---|---|---|---|
| 003 | MACL | ||
| 005 | 20160603115044.0 | ||
| 008 | 160603b xxu||||| |||| 00| 0 eng d | ||
| 040 |
_aMACL _cMACL |
||
| 041 | _aHindi | ||
| 082 | _a920 | ||
| 100 |
_aगौतम, एस एस _948242 |
||
| 245 |
_aबहुजन नायक मान्यवर कांशीराम स्मृति ग्रंथ _cएस एस गौतम |
||
| 260 |
_bगौतम बुक सेन्टर _c2006 _aदिल्ली |
||
| 350 | _a300 | ||
| 650 |
_aBiography _961928 |
||
| 942 |
_cHIN _k920/NAY _2ddc |
||
| 999 |
_c10781 _d10781 |
||